000 00298nam a22001337a 4500
008 181009b xxu||||| |||| 00| 0 eng d
020 _a9780323013994
041 _aeng
080 _a610.73
100 _a2
101 _aINF
245 _aMaternal Child Nursing Care
_cWong, D.L
942 _2udc
_cBK
999 _c49126
_d49126